[Event "URU-chT Clubs"]
[Site "Punta del Este"]
[Date "2014.08.23"]
[Round "1.72"]
[White "Pena, Alejandro"]
[Black "Costa, Anaclara"]
[Result "0-1"]
[WhiteElo "1742"]
[BlackElo "1658"]
[PlyCount "58"]
[EventDate "2014.08.23"]
[EventType "team-swiss"]
[EventRounds "5"]
[EventCountry "URU"]
[SourceTitle "EXT 2017"]
[Source "ChessBase"]
[SourceDate "2016.10.25"]
[SourceVersion "1"]
[SourceVersionDate "2016.10.25"]
[SourceQuality "1"]

1. d4 e6 2. c4 f5 3. Nc3 Nf6 4. Nf3 Bb4 5. a3 Bxc3+ 6. bxc3 Ne4 7. Qc2 b6 8. e3 Ba6 9. Bd3 d5 10. Bxe4 fxe4 11. Ne5 0-0 12. Bb2 Qe8 13. 0-0-0 Nc6 14. Qa4 Nxe5 15. Qxe8 Raxe8 16. dxe5 Bxc4 17. Rd2 Rf5 18. g3 Rxe5 19. h4 Rf5 20. Kd1 Ref8 21. Ke1 c5 22. Rh2 e5 23. Rg2 d4 24. cxd4 exd4 25. exd4 e3 26. Rc2 Bd3 27. Rc3 Rxf2 28. Rxd3 Rxg2 29. Rb3 Rff2 0-1

[Event "Olympiad Women-41"]
[Site "Tromsoe"]
[Date "2014.08.09"]
[Round "7.4"]
[White "Axiaq, Ariana"]
[Black "Costa, Anaclara"]
[Result "0-1"]
[WhiteElo "1346"]
[BlackElo "1658"]
[PlyCount "66"]
[EventDate "2014.08.02"]
[EventType "team-swiss"]
[EventRounds "11"]
[EventCountry "NOR"]
[SourceTitle "CBM 162"]
[Source "ChessBase"]
[SourceDate "2014.09.17"]
[SourceVersion "1"]
[SourceVersionDate "2014.09.17"]
[SourceQuality "1"]
[WhiteTeam "Malta (W)"]
[BlackTeam "Uruguay (W)"]
[WhiteTeamCountry "MLT"]
[BlackTeamCountry "URU"]

1. e4 e6 2. d3 d5 3. Nd2 c5 4. Ngf3 Nc6 5. g3 g6 6. c3 Bg7 7. Bg2 Nge7 8. 0-0 b6 9. Re1 a5 10. h4 h6 11. e5 Qc7 12. d4 cxd4 13. cxd4 Nb4 14. Re3 Qc2 15. Qf1 Ba6 16. Qe1 Nd3 17. Rxd3 Bxd3 18. Nf1 Rc8 19. b3 0-0 20. Ne3 Qe2 21. Qxe2 Bxe2 22. Ba3 Rfe8 23. Ne1 h5 24. Bd6 Rc6 25. Rb1 Bh6 26. Rb2 Ba6 27. Rc2 Rxc2 28. N3xc2 Nf5 29. Bc7 Rc8 30. Bxb6 Bd2 31. Bc5 Bxe1 32. Nxe1 Nxd4 33. Bxd4 Rc1 0-1

[Event "URU-ch (Women)"]
[Site "Montevideo"]
[Date "2014.03.29"]
[Round "5"]
[White "Costa, Anaclara"]
[Black "Montenegro, Claudia"]
[Result "1-0"]
[WhiteElo "1796"]
[BlackElo "1783"]
[PlyCount "95"]
[EventDate "2014.03.27"]
[EventType "swiss"]
[EventRounds "7"]
[EventCountry "URU"]
[SourceTitle "CBM 159 Extra"]
[Source "ChessBase"]
[SourceDate "2014.04.24"]
[SourceVersion "1"]
[SourceVersionDate "2014.04.24"]
[SourceQuality "1"]

1. d4 Nf6 2. c4 g6 3. Nc3 Bg7 4. e4 d6 5. Nf3 0-0 6. Be2 e5 7. 0-0 Nc6 8. d5 Ne7 9. b4 a5 10. bxa5 Rxa5 11. Bd2 c6 12. Qc2 Ra8 13. Rfd1 Qc7 14. Qb3 Nd7 15. Be3 f5 16. Ng5 Nc5 17. Bxc5 dxc5 18. d6 Qd7 19. dxe7 Qxe7 20. Nf3 Be6 21. Qb2 Qf7 22. Ng5 Qe7 23. Nxe6 Qxe6 24. Qxb7 Rfb8 25. Qd7 Qxd7 26. Rxd7 Bf8 27. Rc7 Ra3 28. Rc1 Rb2 29. Bf1 Bh6 30. Rb1 Rxb1 31. Nxb1 Rxa2 32. Rxc6 Bf8 33. Nc3 Rc2 34. Na4 Rc1 35. Nxc5 f4 36. Nd7 Bg7 37. c5 g5 38. Rc8+ Kf7 39. f3 h5 40. Rc7 Ke8 41. h3 Kd8 42. Ra7 g4 43. hxg4 hxg4 44. fxg4 Bf8 45. Nxf8 Rxc5 46. Ne6+ Kc8 47. Nxc5 Kb8 48. Re7 1-0

[Event "URU-ch sf"]
[Site "Montevideo"]
[Date "2014.03.04"]
[Round "9"]
[White "Costa, Anaclara"]
[Black "Silva Rosas, Natalia"]
[Result "0-1"]
[WhiteElo "1663"]
[BlackElo "1859"]
[PlyCount "148"]
[EventDate "2014.02.28"]
[EventType "swiss"]
[EventRounds "9"]
[EventCountry "URU"]
[SourceTitle "CBM 159 Extra"]
[Source "ChessBase"]
[SourceDate "2014.04.24"]
[SourceVersion "1"]
[SourceVersionDate "2014.04.24"]
[SourceQuality "1"]

1. f4 d5 2. Nf3 Bg4 3. e3 c5 4. d4 e6 5. c3 Nf6 6. Bd3 c4 7. Bc2 b5 8. 0-0 Nc6 9. Qe1 Bf5 10. Bxf5 exf5 11. Ne5 Qc8 12. a4 b4 13. Nxc6 Qxc6 14. cxb4 Ne4 15. b5 Qh6 16. Bd2 Be7 17. Nc3 Rd8 18. Qd1 Nf6 19. Rf3 Ng4 20. Rh3 Qe6 21. a5 0-0 22. Qf3 Rfe8 23. b6 axb6 24. a6 Nf6 25. Be1 Ne4 26. Qh5 Qg6 27. Qxg6 hxg6 28. Nb5 Rd7 29. Rf3 Nd6 30. Nc3 Ne4 31. Nb5 Ra8 32. Rf1 Nd6 33. Nc3 Ne8 34. Bd2 Bb4 35. Nb1 Bxd2 36. Nxd2 Rda7 37. Rfc1 Rxa6 38. Rxa6 Rxa6 39. Kf2 Nd6 40. Nb1 Ne4+ 41. Ke1 b5 42. Nc3 Nxc3 43. bxc3 Kf8 44. Rb1 Rb6 45. Kd2 Ke7 46. h3 Kd6 47. g4 fxg4 48. hxg4 Kc6 49. Ra1 Kb7 50. Rh1 Kc6 51. f5 gxf5 52. gxf5 Kd7 53. Ra1 Rb7 54. Rg1 Ke7 55. Rxg7 Kf6 56. Rg1 Kxf5 57. Rf1+ Ke6 58. Rh1 b4 59. cxb4 Rxb4 60. Rc1 Rb3 61. e4 Rd3+ 62. Ke2 Rxd4 63. exd5+ Kxd5 64. Rf1 Ke6 65. Re1 f5 66. Ke3 Ke5 67. Ra1 Rd3+ 68. Ke2 f4 69. Ra8 Re3+ 70. Kf2 Kd4 71. Rd8+ Kc3 72. Rf8 Re4 73. Kf3 Kd3 74. Rd8+ Rd4 0-1

[Event "URU-ch sf"]
[Site "Montevideo"]
[Date "2014.02.28"]
[Round "1"]
[White "Costa, Anaclara"]
[Black "Saralegui Cassan, Mario"]
[Result "0-1"]
[WhiteElo "1663"]
[BlackElo "2092"]
[PlyCount "90"]
[EventDate "2014.02.28"]
[EventType "swiss"]
[EventRounds "9"]
[EventCountry "URU"]
[SourceTitle "CBM 159 Extra"]
[Source "ChessBase"]
[SourceDate "2014.04.24"]
[SourceVersion "1"]
[SourceVersionDate "2014.04.24"]
[SourceQuality "1"]

1. d4 Nf6 2. e3 g6 3. Bd3 Bg7 4. b3 d6 5. Bb2 Nbd7 6. Nf3 0-0 7. c4 c5 8. 0-0 b6 9. Qc2 Bb7 10. d5 b5 11. e4 bxc4 12. Qxc4 a5 13. Qc2 Ba6 14. Bxa6 Rxa6 15. Nbd2 Qa8 16. Nc4 a4 17. Nfd2 Rb8 18. f4 Nb6 19. Nxb6 Raxb6 20. Nc4 Ra6 21. Rfb1 axb3 22. axb3 h5 23. Rxa6 Qxa6 24. Bc3 Qb5 25. Bxf6 Bxf6 26. e5 dxe5 27. fxe5 Bg7 28. d6 exd6 29. exd6 Bd4+ 30. Kh1 Re8 31. Qd2 Rb8 32. Qe2 Kg7 33. h3 Re8 34. Qf3 Re6 35. Qd5 Qd7 36. b4 Qe8 37. Rf1 Re1 38. Qf3 cxb4 39. Qd3 Rxf1+ 40. Qxf1 Qe6 41. Kh2 Be5+ 42. Nxe5 Qxe5+ 43. Kh1 Qxd6 44. Qa1+ Qf6 45. Qb1 Qc3 0-1

[Event "URU-chTB"]
[Site "Punta del Este"]
[Date "2013.08.17"]
[Round "4.22"]
[White "Costa, Anaclara"]
[Black "De Leon, Patricia O"]
[Result "1/2-1/2"]
[WhiteElo "1661"]
[BlackElo "1855"]
[PlyCount "104"]
[EventDate "2013.08.16"]
[EventType "team-swiss"]
[EventRounds "5"]
[EventCountry "URU"]
[SourceTitle "EXT 2018"]
[Source "ChessBase"]
[SourceDate "2017.10.13"]
[SourceVersion "1"]
[SourceVersionDate "2017.10.13"]
[SourceQuality "1"]

1. g3 Nf6 2. Bg2 g6 3. f4 d5 4. d3 Bg7 5. Nf3 c5 6. c3 Nc6 7. 0-0 0-0 8. h3 h6 9. Nbd2 d4 10. Nc4 Nd5 11. e4 dxe3 12. Nxe3 e6 13. Nh2 Nce7 14. g4 Qc7 15. Qf3 Rd8 16. Rf2 Rb8 17. f5 exf5 18. Nxd5 Nxd5 19. Bf1 Qe7 20. Bf4 Nxf4 21. Qxf4 Be6 22. gxf5 Bxf5 23. Ng4 Bxg4 24. Qxg4 Qg5 25. Qxg5 hxg5 26. Re1 Re8 27. Rxe8+ Rxe8 28. Re2 Rxe2 29. Bxe2 f5 30. Kg2 Kf7 31. Kf3 Ke6 32. Ke3 Bh6 33. Kf3 Ke5 34. a3 a5 35. a4 b6 36. Bd1 Bf8 37. Bb3 Kf6 38. d4 cxd4 39. cxd4 Bd6 40. Bc4 Bb4 41. b3 Bc3 42. d5 Ke5 43. d6 Kxd6 44. Bf7 Kc5 45. Bxg6 Kb4 46. Bf7 b5 47. axb5 Kxb5 48. Be6 Kb4 49. Kg3 Be5+ 50. Kf3 Kc3 51. Ke3 Bf4+ 52. Kf3 Be5 1/2-1/2

[Event "URU-ch (Women)"]
[Site "Montevideo"]
[Date "2013.03.03"]
[Round "7"]
[White "Costa, Anaclara"]
[Black "De Leon, Daiana"]
[Result "0-1"]
[WhiteElo "1649"]
[BlackElo "1685"]
[PlyCount "72"]
[EventDate "2013.02.28"]
[EventType "tourn"]
[EventRounds "7"]
[EventCountry "URU"]
[SourceTitle "EXT 2022"]
[Source "ChessBase"]
[SourceDate "2021.10.06"]
[SourceVersion "1"]
[SourceVersionDate "2021.10.06"]
[SourceQuality "1"]

1. d4 d5 2. e3 Nf6 3. Bd3 e6 4. Nd2 Be7 5. f4 b6 6. Qe2 0-0 7. Ngf3 c5 8. c3 Bb7 9. b3 Qc8 10. Bb2 cxd4 11. cxd4 Ba6 12. Rc1 Qb7 13. 0-0 Bxd3 14. Qxd3 Nbd7 15. Ne5 Rac8 16. Ndf3 Ne4 17. g4 Nxe5 18. Nxe5 Rxc1 19. Rxc1 Rc8 20. Nf3 h6 21. Rc2 Rxc2 22. Qxc2 Qa6 23. Bc1 Bb4 24. Qg2 Ba3 25. Bd2 Qd3 26. Qf1 Qc2 27. Be1 Bc1 28. Bf2 Qxa2 29. g5 Nxf2 30. Qxf2 Qxb3 31. Qe1 Bxe3+ 32. Kh1 Bxf4 33. Qf1 Bxg5 34. Ne5 f6 35. Nc6 Qa4 36. Nd8 Qxd4 0-1

[Event "URU-ch (Women)"]
[Site "Montevideo"]
[Date "2013.03.02"]
[Round "5"]
[White "Costa, Anaclara"]
[Black "De Leon, Patricia O"]
[Result "0-1"]
[WhiteElo "1649"]
[BlackElo "1835"]
[PlyCount "78"]
[EventDate "2013.02.28"]
[EventType "tourn"]
[EventRounds "7"]
[EventCountry "URU"]
[SourceTitle "EXT 2022"]
[Source "ChessBase"]
[SourceDate "2021.10.06"]
[SourceVersion "1"]
[SourceVersionDate "2021.10.06"]
[SourceQuality "1"]

1. d4 Nf6 2. c4 g6 3. f3 c5 4. e3 Bg7 5. Nc3 cxd4 6. exd4 0-0 7. Bg5 d6 8. Bd3 Qb6 9. Nge2 Nc6 10. Na4 Qa5+ 11. Bd2 Qc7 12. 0-0 Nd7 13. Bc3 Nb6 14. b4 Nxa4 15. Qxa4 Bd7 16. b5 Nd8 17. Qb3 Ne6 18. a4 b6 19. Kh1 Rfc8 20. a5 a6 21. axb6 Qxb6 22. Ba5 Qb8 23. Be4 Bc6 24. Bxc6 Rxc6 25. d5 Nc5 26. Qb4 Rc8 27. Ra3 axb5 28. cxb5 Qb7 29. Rb1 Qxd5 30. b6 Nb7 31. Qb5 Rc5 32. Qd3 Qxd3 33. Rxd3 Rcxa5 34. Rdd1 Ra1 35. g3 Rxb1 36. Rxb1 Ra1 37. Rxa1 Bxa1 38. Kg2 Kf8 39. f4 Ke8 0-1

[Event "URU-ch (Women)"]
[Site "Montevideo"]
[Date "2013.03.02"]
[Round "4"]
[White "Silva Rosas, Natalia"]
[Black "Costa, Anaclara"]
[Result "1-0"]
[WhiteElo "1904"]
[BlackElo "1649"]
[PlyCount "67"]
[EventDate "2013.02.28"]
[EventType "tourn"]
[EventRounds "7"]
[EventCountry "URU"]
[SourceTitle "EXT 2022"]
[Source "ChessBase"]
[SourceDate "2021.10.06"]
[SourceVersion "1"]
[SourceVersionDate "2021.10.06"]
[SourceQuality "1"]

1. f4 f5 2. Nf3 Nf6 3. g3 g6 4. Bg2 Bg7 5. d3 d6 6. Nc3 Nc6 7. e4 fxe4 8. dxe4 0-0 9. 0-0 Be6 10. Qe2 Qe8 11. h3 Nh5 12. Kh2 a6 13. Ng5 Nd4 14. Qd3 Bd7 15. g4 Nxf4 16. Bxf4 Rxf4 17. Rxf4 Be5 18. Kg1 Bxf4 19. Qxd4 Bxg5 20. Qd5+ Qf7 21. Qxg5 Qg7 22. Rf1 Be6 23. Nd5 Qd4+ 24. Kh1 Bxd5 25. Qxd5+ Qxd5 26. exd5 Rc8 27. c4 c6 28. Be4 Kg7 29. Kg2 a5 30. Rf3 cxd5 31. Bxd5 Rc7 32. Rf7+ Kh8 33. g5 b6 34. Rf8+ 1-0

[Event "Pan American-ch (Women)"]
[Site "Montevideo"]
[Date "2012.11.26"]
[Round "4"]
[White "De Leon, Veronica"]
[Black "Costa, Anaclara"]
[Result "0-1"]
[WhiteElo "1690"]
[BlackElo "1670"]
[PlyCount "106"]
[EventDate "2012.11.24"]
[EventType "swiss"]
[EventRounds "9"]
[EventCountry "URU"]
[SourceTitle "CBM 151 Extra"]
[Source "ChessBase"]
[SourceDate "2012.12.18"]
[SourceVersion "1"]
[SourceVersionDate "2012.12.18"]
[SourceQuality "1"]

1. c4 f5 2. Nc3 Nf6 3. g3 e6 4. Bg2 Be7 5. d3 0-0 6. e3 d6 7. Nge2 c6 8. 0-0 Bd7 9. a3 e5 10. b4 a6 11. Rb1 Ra7 12. a4 b5 13. axb5 axb5 14. Qc2 Qb6 15. Bd2 Be6 16. cxb5 cxb5 17. e4 Ra3 18. Ra1 Rxa1 19. Rxa1 Nc6 20. Qb2 Ng4 21. Rf1 fxe4 22. Nxe4 d5 23. h3 dxe4 24. hxg4 exd3 25. Nc1 Bxg4 26. Be3 Nd4 27. Nxd3 Bf6 28. Rb1 Bf5 29. Rd1 Rd8 30. Ne1 Bg4 31. Rc1 Ne2+ 32. Kf1 Nxg3+ 33. Kg1 Ne2+ 34. Kf1 Nd4 35. Qb1 Be2+ 36. Kg1 Bc4 37. Be4 Ne2+ 38. Kh2 Qe6 39. Bxh7+ Kh8 40. Bf5 Qd6 41. Rc2 e4+ 42. Kg2 Bd3 43. Bc5 Nf4+ 44. Kh1 Qd5 45. f3 Bxc2 46. Qxc2 Qxf5 47. Qh2+ Qh5 48. fxe4 Qxh2+ 49. Kxh2 Re8 50. Nc2 Rxe4 51. Kg3 Nd5 52. Kf3 Rc4 53. Na3 Rc3+ 0-1

[Event "Pan American-ch (Women)"]
[Site "Montevideo"]
[Date "2012.11.25"]
[Round "3"]
[White "Costa, Anaclara"]
[Black "De Leon, Daiana"]
[Result "0-1"]
[WhiteElo "1670"]
[BlackElo "1723"]
[PlyCount "102"]
[EventDate "2012.11.24"]
[EventType "swiss"]
[EventRounds "9"]
[EventCountry "URU"]
[SourceTitle "CBM 151 Extra"]
[Source "ChessBase"]
[SourceDate "2012.12.18"]
[SourceVersion "1"]
[SourceVersionDate "2012.12.18"]
[SourceQuality "1"]

1. d4 d5 2. c4 e6 3. Nc3 Nf6 4. cxd5 exd5 5. Bg5 Be7 6. e3 0-0 7. Bd3 Nbd7 8. Nf3 Re8 9. 0-0 Nf8 10. Qc2 g6 11. Rfc1 Ne6 12. Bh4 Ng7 13. Rab1 c6 14. b4 Bf5 15. b5 c5 16. Bxf5 Nxf5 17. Bxf6 Bxf6 18. dxc5 Rc8 19. Ne2 Qe7 20. c6 bxc6 21. bxc6 Rc7 22. Qa4 Rec8 23. Rb3 Qe8 24. Nfd4 Nxd4 25. Nxd4 Bxd4 26. Qxd4 Rxc6 27. Rxc6 Qxc6 28. g3 a6 29. Qb6 Qa4 30. Qd4 Qxa2 31. Qxd5 a5 32. Rd3 Qa1+ 33. Kg2 Rc2 34. Qd8+ Kg7 35. Qd4+ Qxd4 36. exd4 Ra2 37. d5 Kf8 38. d6 Ke8 39. d7+ Kd8 40. Kf3 a4 41. Ke3 Rb2 42. Rd4 a3 43. Ra4 a2 44. Kd4 Kxd7 45. Kc3 Rxf2 46. Kb3 Rxh2 47. Rd4+ Ke6 48. Rd1 Rg2 49. Re1+ Kf5 50. Rf1+ Kg4 51. Kc4 Kxg3 0-1

[Event "Pan American-ch (Women)"]
[Site "Montevideo"]
[Date "2012.11.25"]
[Round "2"]
[White "De Leon, Patricia O"]
[Black "Costa, Anaclara"]
[Result "1/2-1/2"]
[WhiteElo "1847"]
[BlackElo "1670"]
[PlyCount "92"]
[EventDate "2012.11.24"]
[EventType "swiss"]
[EventRounds "9"]
[EventCountry "URU"]
[SourceTitle "CBM 151 Extra"]
[Source "ChessBase"]
[SourceDate "2012.12.18"]
[SourceVersion "1"]
[SourceVersionDate "2012.12.18"]
[SourceQuality "1"]

1. d4 e6 2. c4 f5 3. g3 Nf6 4. Bg2 d5 5. Nh3 c6 6. cxd5 exd5 7. Nc3 Bd6 8. Bf4 0-0 9. 0-0 Be6 10. Rb1 a5 11. a3 Qe7 12. Bxd6 Qxd6 13. b4 axb4 14. axb4 Nbd7 15. Nf4 Ra3 16. Qc1 Rfa8 17. b5 Ne4 18. Nxe4 dxe4 19. bxc6 bxc6 20. Nxe6 Qxe6 21. e3 R3a4 22. Qc3 Ra3 23. Qb4 R8a4 24. Qb7 Nf6 25. Rfc1 Ra6 26. Bf1 Ra7 27. Qxa7 Rxa7 28. Bc4 Nd5 29. Rb8+ Kf7 30. Rcb1 Rc7 31. Rh8 h6 32. Rbb8 Kg6 33. h4 Qd6 34. Be2 Nxe3 35. h5+ Kf6 36. Rhf8+ Rf7 37. Rfd8 Qc7 38. Rbc8 Qb6 39. fxe3 Re7 40. Rf8+ Rf7 41. Rfd8 Qa5 42. Kf2 Qa4 43. Rd6+ Ke7 44. Rdxc6 Qa1 45. R8c7+ Kf8 46. Rc8+ Ke7 1/2-1/2

[Event "Olympiad Women-40"]
[Site "Istanbul"]
[Date "2012.09.03"]
[Round "6.4"]
[White "Costa, Anaclara"]
[Black "Wang, Alyssa"]
[Result "0-1"]
[WhiteElo "1673"]
[BlackElo "1541"]
[PlyCount "92"]
[EventDate "2012.08.28"]
[EventType "team-swiss"]
[EventRounds "11"]
[EventCountry "TUR"]
[SourceTitle "CBM 150 Extra"]
[Source "ChessBase"]
[SourceDate "2012.10.19"]
[SourceVersion "1"]
[SourceVersionDate "2012.10.19"]
[SourceQuality "1"]
[WhiteTeam "Uruguay (W)"]
[BlackTeam "Wales (W)"]
[WhiteTeamCountry "URU"]
[BlackTeamCountry "WLS"]

1. d4 d5 2. c4 c6 3. Nf3 Nf6 4. Nc3 e6 5. cxd5 exd5 6. Qc2 Bd6 7. Bg5 Nbd7 8. e3 0-0 9. Bd3 h6 10. Bh4 Re8 11. 0-0 Be7 12. Rab1 a5 13. a3 Ne4 14. Bxe7 Qxe7 15. Rfc1 Ndf6 16. Ne5 Nxc3 17. Qxc3 a4 18. b4 axb3 19. Rxb3 Ne4 20. Qb2 f6 21. Nf3 Ra7 22. Rb4 Bg4 23. Ne1 Be6 24. a4 Rea8 25. Ra1 b5 26. Bc2 Bd7 27. Rb1 Nd2 28. Bh7+ Kxh7 29. Qxd2 Rxa4 30. R4b2 Kh8 31. Rc1 Rc4 32. Nd3 Rxc1+ 33. Nxc1 Ra4 34. h3 Qd8 35. Nd3 Qa5 36. Qe2 Be8 37. Nc5 Rc4 38. Kh2 b4 39. Qg4 Qc7+ 40. g3 Bf7 41. Nd3 Qa5 42. Qc8+ Kh7 43. Qf8 Qa3 44. Qxf7 Qxd3 45. h4 Rc2 46. Rxc2 Qxc2 0-1